Haikyuu!! Nohebi Players - Statistics

General Stats
  • This quiz has been taken 4 times
  • The average score is 6 of 9
Answer Stats
Picture Hint Answer % Correct
Captain / Wing Spiker / Outside Hitter Suguru Daishō
100%
Middle Blocker Akihiko Seguro
67%
Setter Isumi Sakishima
67%
Wing Spiker / Outside Hitter / Ace Kazuma Numai
67%
Middle Blocker Kōji Hiroo
67%
Wing Spiker / Outside Hitter Naoyasu Kuguri
67%
Libero Sō Akama
67%
Wing Spiker / Opposite Hitter Yoshiya Takachiho
67%
Coach Kiyoshi Ōmizu
33%
No matching quizzes found
Score Distribution
Percent of People with Each Score
Percentile by Number Answered
Your Score History
You have not taken this quiz